The philosophy of the enlightenment /
Đã lưu trong:
| Príomhúdar: | |
|---|---|
| Formáid: | Sách giấy |
| Teanga: | English |
| Foilsithe: |
Boston :
Beacon Press,
1951.
|
| Clibeanna: |
Cuir Clib Leis
Gan Chlibeanna, Bí ar an gcéad duine leis an taifead seo a chlibeáil!
|
| Thư viện lưu trữ: | Thư viện Trường Đại học Đà Lạt |
|---|
| LEADER | 00610nam a2200265 4500 | ||
|---|---|---|---|
| 001 | DLU100113346 | ||
| 005 | ##20101116 | ||
| 040 | # | # | |a DLU |b vie |
| 041 | # | # | |a eng |
| 044 | # | # | |a us |
| 082 | # | # | |a 190 |b CA-E |
| 100 | # | # | |a Cassirer, Ernst. |
| 245 | # | # | |a The philosophy of the enlightenment / |c Ernst Cassirer. |
| 260 | # | # | |a Boston : |b Beacon Press, |c 1951. |
| 300 | # | # | |a xiii, 366 p. ; |c 21 cm. |
| 923 | # | # | |a 100/2010 |
| 992 | # | # | |a 0 |
| 994 | # | # | |a DLU |
| 900 | # | # | |a True |
| 911 | # | # | |a Lý Thị Hồng Hạnh |
| 925 | # | # | |a G |
| 926 | # | # | |a A |
| 927 | # | # | |a SH |
| 980 | # | # | |a Thư viện Trường Đại học Đà Lạt |